00623nam a2200169Ia 4500008004100000100002300041245004600064245010200110260003900212260000900251300001000260650001800270650001500288856005800303999001900361952007300380170221s9999 xx 000 0 und d aKimberly K. Arcand aProcessing Color in Astronomical Imagery  cKimberly K. Arcand, Megan Watzke, Travis Rector, Zoltan G. Levay, Joseph DePasquale, Olivia Smarr bStudies in Media and Communication c2013 a1 : 2 xCommunication xMedia Arts uhttp://redfame.com/journal/index.php/smc/issue/view/6 c307267d307267 001040aCLbCLd2017-02-21l0r2017-02-21 00:00:00w2017-02-21yFOJ